Pakistan kay maashi masail (Record no. 3376)
[ view plain ]
| 000 -LEADER | |
|---|---|
| fixed length control field | 00247nam a22001097a 4500 |
| 082 ## - DEWEY DECIMAL CLASSIFICATION NUMBER | |
| Classification number | 330.95491 |
| 100 ## - MAIN ENTRY--PERSONAL NAME | |
| Personal name | Yousaf Hussain Sherazi |
| 245 ## - TITLE STATEMENT | |
| Title | Pakistan kay maashi masail |
| 260 ## - PUBLICATION, DISTRIBUTION, ETC. | |
| Place of publication, distribution, etc. | Lahore |
| Name of publisher, distributor, etc. | Feroze sons |
| Date of publication, distribution, etc. | 1970 |
| 300 ## - PHYSICAL DESCRIPTION | |
| Extent | 175p |
| 942 ## - ADDED ENTRY ELEMENTS (KOHA) | |
| Koha item type | Book |
| Withdrawn status | Lost status | Source of classification or shelving scheme | Damaged status | Not for loan | Permanent Location | Current Location | Shelving location | Date acquired | Total Checkouts | Full call number | Barcode | Date last seen | Price effective from | Koha item type |
|---|---|---|---|---|---|---|---|---|---|---|---|---|---|---|
| Central Library (CL) | Central Library (CL) | General Stacks | 06/03/2016 | 332.5491 YOU | S3H-D-1 | 06/03/2016 | 06/03/2016 | Book |
